00489 a2200169 450000100060000002000180000604000220002410000160004624000420006224500370010430000080014136200090014965000230015894200070018195201140018899900170030262868 a9788541804844 cAnchieta - Pituba aTwain, Mark10aAs aventuras de Huckleberry Finnlpor10aAs aventuras de Huckleberry Finn a1260 a2014 4aLiteratura juvenil cBK 00104070a91.1b91.1d2023-11-21l0oLJ 028.5 T969a TWA AVEp16132/PITr2023-11-21 18:31:30w2023-11-21yBK c62868d62868